It looks like you're offline.
Open Library logo
additional options menu

MARC Record from Scriblio

Record ID marc_records_scriblio_net/part22.dat:33161437:842
Source Scriblio
Download Link /show-records/marc_records_scriblio_net/part22.dat:33161437:842?format=raw

LEADER: 00842cam 2200241 a 4500
001 91052883
003 DLC
005 20050118193702.0
008 910326s1991 nyua 000 0 eng
010 $a 91052883
020 $a0847814475
040 $aDLC$cDLC$dDLC
043 $an-us---
050 00 $aGV1803$b.G65 1991
082 00 $a791.3/0973$220
100 1 $aGoldsmith, Lynn.
245 10 $aCircus dreams /$cby Lynn Goldsmith.
260 $aNew York, NY :$bRizzoli International Publications,$c1991.
300 $a125 p. :$bchiefly col. ill. ;$c17 x 24 cm.
650 0 $aCircus$xUnited States.
650 0 $aCircus$zUnited States$xPictorial works.
856 42 $3Contributor biographical information$uhttp://www.loc.gov/catdir/bios/hol056/91052883.html
856 42 $3Publisher description$uhttp://www.loc.gov/catdir/description/hol054/91052883.html